Políticas de estabilización e hiperinflación en Argentina (Registro nro. 5301)

Detalles MARC
000 -LEADER
fixed length control field 01609 a2200241 4500
001 - CONTROL NUMBER
control field 53956
005 - DATE AND TIME OF LATEST TRANSACTION
control field 20260407155810.0
008 - FIXED-LENGTH DATA ELEMENTS--GENERAL INFORMATION
fixed length control field 260407a1990 arg spa d
003 - CONTROL NUMBER IDENTIFIER
control field AR-UNSa-BCEJYS
040 ## - CATALOGING SOURCE
Original cataloging agency AR-UNSa-BCEJYS
Language of cataloging spa
Transcribing agency AR-UNSa-BCEJYS
080 ## - UNIVERSAL DECIMAL CLASSIFICATION NUMBER
Universal Decimal Classification number 336.748
Common auxiliary subdivision Precios del cambio de monedas. Movimientos de los precios de cambio. Fluctuaciones en los precios de cambio (Inflación, Deflación)<br/>
020 ## - INTERNATIONAL STANDARD BOOK NUMBER
International Standard Book Number 950-718-006-0
041 ## - LANGUAGE CODE
Language code of text/sound track or separate title spa
100 1# - MAIN ENTRY--PERSONAL NAME
Personal name Fanelli, José María
245 10 - TITLE STATEMENT
Title Políticas de estabilización e hiperinflación en Argentina
264 #1 - PRODUCTION, PUBLICATION, DISTRIBUTION, MANUFACTURE, AND COPYRIGHT NOTICE
Place of production, publication, distribution, manufacture Buenos Aires :
Name of producer, publisher, distributor, manufacturer Tesis
Date of production, publication, distribution, manufacture, or copyright notice 1990
300 ## - PHYSICAL DESCRIPTION
Extent 232 p.
Dimensions 20 cm.
505 ## - FORMATTED CONTENTS NOTE
Formatted contents note La Argentina y el Fondo en la década pasada - I. Introducción - II. La economía argentina en la década pasada - III. La Argentina y el Fondo en la década pasada - IV. Resumen y conclusiones - El Plan Austral: un año y medio después - I. Algunas consideraciones teóricas sobre las economías de alta inflación - II. Las medidas del Plan Austral y sus efectos iniciales - III. El comportamiento de la economía durante el Plan Austral - IV. Reflexiones finales - Desequilibrios,políticas de estabilización e hiperinflación en Argentina - I. Políticas de estabilización,desequilibrios estructurales y dinámica de corto plazo - II. Del Plan Austral a la hiperinflación - III. Algunas observaciones sobre la hiperinflación - IV. Conclusiones
590 ## - LOCAL NOTE (RLIN)
Local note niveau_biblio:m niveau_hierar:0
700 1# - ADDED ENTRY--PERSONAL NAME
Personal name Frankel, Roberto
856 41 - ELECTRONIC LOCATION AND ACCESS
Uniform Resource Identifier <a href="https://biblioeco.unsa.edu.ar/pmb/images/libros/L128493.jpg">https://biblioeco.unsa.edu.ar/pmb/images/libros/L128493.jpg</a>
Link text Imagen de portada
Electronic format type image/jpeg
942 ## - ADDED ENTRY ELEMENTS (KOHA)
Koha item type
Existencias
Withdrawn status Lost status Damaged status Not for loan Home library Current library Shelving location Date acquired Total checkouts Full call number Barcode Date last seen Price effective from Koha item type
        Biblioteca Prof. Eusebio Cleto del Rey Biblioteca Prof. Eusebio Cleto del Rey   07/04/2026   336.748 F211 L128493 07/04/2026 07/04/2026 Libro